[Event "Washington Open"]
[Site "Chess.com"]
[Date "2020.05.24"]
[Round "?"]
[White "Wang, Ted"]
[Black "Joshi, Atharva"]
[Result "0-1"]
[WhiteElo "779"]
[BlackElo "1332"]
[PlyCount "100"]
[EventDate "2020.??.??"]

1. e4 e6 2. d4 d5 3. Nc3 Nf6 4. e5 Nfd7 5. Nf3 c5 6. Bb5 Nc6 7. Bxc6 bxc6 8.
O-O Be7 9. Be3 O-O 10. Qd2 cxd4 11. Nxd4 c5 12. Nc6 Qe8 13. Nb5 Nxe5 14. Nxe7+
Qxe7 15. Bf4 Qd7 16. Bxe5 Qxb5 17. b3 f6 18. Bb2 Bb7 19. Rac1 Qc6 20. f3 e5 21.
Qf2 d4 22. Rce1 Ba6 23. Re4 Bxf1 24. Kxf1 c4 25. Rg4 cxb3 26. axb3 Rac8 27. Qg3
Rf7 28. Qf2 Qxc2 29. Qxc2 Rxc2 30. Ba3 h6 31. f4 exf4 32. Rxf4 Rd7 33. Rf2
Rxf2+ 34. Kxf2 d3 35. Ke1 Kf7 36. Kd2 Kg6 37. g3 Kg5 38. Bc1 Kg4 39. Ke1 Kh3
40. Bf4 Kxh2 41. g4+ Kh3 42. g5 hxg5 43. Bxg5 fxg5 44. b4 d2+ 45. Kd1 g4 46. b5
g3 47. b6 axb6 48. Kc2 d1=Q+ 49. Kc3 Rd3+ 50. Kc4 Qb3# 0-1

[Event "Washington Open"]
[Site "Chess.com"]
[Date "2020.05.25"]
[Round "?"]
[White "Wong-Godfrey, Emerson"]
[Black "Wang, Ted"]
[Result "0-1"]
[WhiteElo "1114"]
[BlackElo "779"]
[PlyCount "48"]
[EventDate "2020.??.??"]

1. e4 c5 2. Nf3 Nc6 3. c3 e5 4. Bb5 Nf6 5. O-O d6 6. Qc2 Be7 7. d4 Bd7 8. dxe5
Nxe5 9. Bxd7+ Nexd7 10. Bg5 O-O 11. c4 Rc8 12. Na3 a6 13. Rad1 Re8 14. e5 dxe5
15. Rfe1 Qc7 16. Nb1 e4 17. Bxf6 Nxf6 18. Nfd2 Bd6 19. g3 e3 20. fxe3 Bxg3 21.
hxg3 Qxg3+ 22. Kf1 Ng4 23. Nb3 Nh2+ 24. Ke2 Qxe3# 0-1

[Event "Washington Open"]
[Site "Chess.com"]
[Date "2020.05.25"]
[Round "?"]
[White "Wang, Ted"]
[Black "Gurumurthy, Srikrishna"]
[Result "0-1"]
[WhiteElo "779"]
[BlackElo "1232"]
[PlyCount "114"]
[EventDate "2020.??.??"]

1. e4 e5 2. Nf3 Nc6 3. Bc4 Bc5 4. c3 Nf6 5. d4 exd4 6. cxd4 Bb4+ 7. Bd2 Bxd2+
8. Nbxd2 d6 9. O-O Bg4 10. e5 dxe5 11. dxe5 Nd7 12. Qb3 O-O 13. Qxb7 Ndxe5 14.
Nxe5 Nxe5 15. Qe4 Nxc4 16. Nxc4 Qg5 17. Ne5 Bf5 18. Qe3 Qxe3 19. fxe3 Be6 20.
Rac1 Bxa2 21. Rxc7 Rfc8 22. Rfc1 Rxc7 23. Rxc7 h6 24. Nc6 a5 25. Kf2 g5 26. Ke2
a4 27. Kd3 Bb3 28. Nd4 Rb8 29. Rc3 Bd5 30. e4 Be6 31. Nxe6 fxe6 32. Kc2 Rb4 33.
Re3 Kf7 34. e5 Kg6 35. Rc3 Kf5 36. Rc5 Rf4 37. Kd3 Rf2 38. Rc2 Rxc2 39. Kxc2
Kxe5 40. Kc3 Ke4 41. Kb4 Kd4 42. Kxa4 e5 43. b4 e4 44. b5 e3 45. b6 e2 46. b7
e1=Q 47. b8=Q Qa1+ 48. Kb5 Qb1+ 49. Kc6 Qxb8 50. g3 Kc4 51. Kd7 Qb6 52. Ke7 Kd5
53. Kf7 Ke5 54. Kg7 Qf6+ 55. Kg8 Qe7 56. Kh8 Kf6 57. h4 Qg7# 0-1

[Event "Washington Open"]
[Site "Chess.com"]
[Date "2020.05.23"]
[Round "?"]
[White "Sun, Connor"]
[Black "Kona, Vidip"]
[Result "0-1"]
[WhiteElo "775"]
[BlackElo "1261"]
[PlyCount "76"]
[EventDate "2020.??.??"]

1. d4 Nf6 2. c4 g6 3. Nc3 Bg7 4. e4 d6 5. f3 O-O 6. Bg5 Nbd7 7. Nh3 b6 8. Nf2
Bb7 9. Be2 a5 10. O-O e5 11. Be3 Ne8 12. g4 f5 13. f4 exf4 14. Bxf4 g5 15. Bc1
f4 16. Bf3 Rb8 17. Qd3 Qf6 18. Ne2 c5 19. Rd1 Qh6 20. Kg2 cxd4 21. Nxd4 Ne5 22.
Qb3 Nxf3 23. Nxf3 Kh8 24. Qxb6 Nf6 25. Qxb7 Rxb7 26. Rxd6 Rc7 27. e5 Rxc4 28.
exf6 Rxf6 29. Rd8+ Rf8 30. Rxf8+ Bxf8 31. Ne5 Rc7 32. b3 Bg7 33. Bb2 Qb6 34.
Rd1 Rc2 35. Rd8+ Qxd8 36. Nf7+ Kg8 37. Nxd8 Rxb2 38. Nc6 Rxa2 0-1

[Event "Washington Open"]
[Site "Chess.com"]
[Date "2020.05.23"]
[Round "?"]
[White "Peesa, Rahul"]
[Black "Sun, Connor"]
[Result "1-0"]
[WhiteElo "1107"]
[BlackElo "775"]
[PlyCount "57"]
[EventDate "2020.??.??"]

1. d4 Nf6 2. Bf4 g6 3. Nf3 Bg7 4. Nc3 d5 5. Nb5 a6 6. Nxc7+ Kf8 7. Nxa8 Nc6 8.
Bc7 Qe8 9. Nb6 Bh6 10. Nxc8 Qxc8 11. Be5 Qf5 12. e3 Rg8 13. Bxf6 Qxf6 14. c3
Kg7 15. Bd3 Kh8 16. Qb3 b5 17. Qxd5 Rd8 18. Qb3 Bg7 19. O-O-O Kg8 20. Kb1 e5
21. h4 exd4 22. exd4 Kf8 23. Ng5 Kg8 24. Ne4 Qe7 25. h5 Na5 26. Qc2 Rxd4 27.
cxd4 Bxd4 28. Qc8+ Kg7 29. h6# 1-0

[Event "Washington Open"]
[Site "Chess.com"]
[Date "2020.05.24"]
[Round "?"]
[White "Ruff, Lois"]
[Black "Sun, Connor"]
[Result "0-1"]
[WhiteElo "1027"]
[BlackElo "775"]
[PlyCount "124"]
[EventDate "2020.??.??"]

1. e4 c5 2. Nf3 d6 3. d4 cxd4 4. Nxd4 Nf6 5. Nc3 a6 6. Bc4 e6 7. Bg5 Be7 8. e5
dxe5 9. Nf3 Qxd1+ 10. Rxd1 b5 11. Be2 Nc6 12. O-O O-O 13. Rfe1 Rd8 14. Rxd8+
Bxd8 15. Rd1 Bb7 16. Bh4 e4 17. Nd4 Nxd4 18. Rxd4 Be7 19. Bxf6 Bxf6 20. Rd7
Bxc3 21. bxc3 Bd5 22. a3 Rc8 23. c4 Bxc4 24. Bxc4 bxc4 25. c3 g6 26. g3 Kg7 27.
Ra7 Rc6 28. Rd7 Rb6 29. Rd4 Rb3 30. Rxc4 Rxa3 31. Kf1 f5 32. Ke2 Kf6 33. Ke3
Ke5 34. h4 h6 35. Rc5+ Kd6 36. Rc8 Rb3 37. f3 exf3 38. Kxf3 a5 39. Ke3 a4 40.
Kd4 a3 41. Rd8+ Kc7 42. Ra8 Kb7 43. Ra5 Kb6 44. Ra8 Kb5 45. Rb8+ Ka4 46. Ra8+
Kb5 47. c4+ Kc6 48. Rc8+ Kb7 49. Rc5 Rxg3 50. Rb5+ Kc6 51. Rc5+ Kb6 52. Rb5+
Ka6 53. Kc5 a2 54. Rb6+ Ka7 55. Rb5 a1=Q 56. Kc6 Qa6+ 57. Kd7 Rd3+ 58. Ke7 Qd6+
59. Kf6 Qd8+ 60. Kxg6 Rg3+ 61. Kh5 Qe8+ 62. Kxh6 Qh8# 0-1

[Event "Washington Open"]
[Site "Chess.com"]
[Date "2020.05.25"]
[Round "?"]
[White "Sun, Connor"]
[Black "Williamson, Michelle"]
[Result "1-0"]
[WhiteElo "775"]
[BlackElo "1118"]
[PlyCount "77"]
[EventDate "2020.??.??"]

1. d4 d5 2. c4 c6 3. Nf3 Nf6 4. Nc3 dxc4 5. a4 Bf5 6. Bg5 Nbd7 7. e3 h6 8. Bh4
e6 9. Bxc4 Bd6 10. O-O O-O 11. e4 Bxh2+ 12. Nxh2 g5 13. exf5 gxh4 14. fxe6 fxe6
15. Bxe6+ Kh8 16. d5 cxd5 17. Nxd5 Nc5 18. Nxf6 Qxd1 19. Rfxd1 Nxe6 20. Nd7
Rfd8 21. Rd6 Rac8 22. Rad1 Rc7 23. Ne5 Rxd6 24. Rxd6 Rc1+ 25. Nf1 Nf4 26. Ng6+
Nxg6 27. Rxg6 Kh7 28. Rg4 Rb1 29. b4 b6 30. Rxh4 a6 31. g3 Ra1 32. b5 axb5 33.
axb5 Ra5 34. Rb4 Kg6 35. Ne3 Ra1+ 36. Kg2 Ra7 37. Rc4 Rb7 38. Rc6+ Kg5 39. Nc4
1-0

[Event "Washington Open"]
[Site "Chess.com"]
[Date "2020.05.25"]
[Round "?"]
[White "Jammalamadaka, Vihaan"]
[Black "Sun, Connor"]
[Result "1-0"]
[WhiteElo "1312"]
[BlackElo "775"]
[PlyCount "59"]
[EventDate "2020.??.??"]

1. d4 Nf6 2. c4 c5 3. d5 e6 4. Nc3 exd5 5. cxd5 d6 6. e4 g6 7. Nf3 Bg7 8. Be2
O-O 9. h3 b5 10. Bxb5 Nxe4 11. O-O Nxc3 12. bxc3 Bxc3 13. Rb1 Ba6 14. Bxa6 Nxa6
15. Qd3 Qa5 16. Rb5 Qa4 17. Rb3 Bb4 18. Bh6 Rfe8 19. a3 Ba5 20. Qxa6 Qxb3 21.
Qxa5 Qxd5 22. Qc3 Re5 23. Nxe5 dxe5 24. Rc1 Rc8 25. Qa5 Qd7 26. Rxc5 e4 27.
Rxc8+ Qxc8 28. Qe5 f6 29. Qxf6 Qd7 30. Qf8# 1-0

[Event "Washington Open"]
[Site "Chess.com"]
[Date "2020.05.23"]
[Round "?"]
[White "Gurumurthy, Srikrishna"]
[Black "Han, Shuyi"]
[Result "1-0"]
[WhiteElo "1232"]
[BlackElo "758"]
[PlyCount "139"]
[EventDate "2020.??.??"]

1. d4 d5 2. c4 c6 3. Nc3 Nf6 4. e3 e6 5. Nf3 Nbd7 6. Bd2 Be7 7. Be2 O-O 8. O-O
dxc4 9. Bxc4 b5 10. Bd3 Bb7 11. Rc1 a6 12. Ne4 Nxe4 13. Bxe4 Rc8 14. Ne1 Nf6
15. Bf3 Qd7 16. b4 Rfd8 17. Nd3 Qc7 18. Ne5 Nd5 19. Bxd5 exd5 20. Qf3 f6 21.
Nd3 Bd6 22. Nc5 Bxh2+ 23. Kh1 Bd6 24. Ne6 Qe7 25. Nxd8 Rxd8 26. a3 Qf7 27. g3
Qg6 28. Kg2 Qd3 29. Bc3 Bc8 30. Rh1 Bf5 31. Rhd1 Qe4 32. Qxe4 Bxe4+ 33. f3 Bg6
34. Bb2 Re8 35. Rxc6 Rxe3 36. Kf2 Rb3 37. Rxd6 Rxb2+ 38. Kg1 Rb3 39. Rxa6 Rxf3
40. Rc1 Rxg3+ 41. Kf2 Rd3 42. Rc8+ Kf7 43. Rc7+ Kf8 44. Ra8+ Be8 45. Rcc8 Rxd4
46. Rxe8+ Kf7 47. Reb8 Rf4+ 48. Kg3 g5 49. Rxb5 Ke6 50. Ra6+ Ke5 51. Rbb6 h5
52. Re6+ Kd4 53. Rxf6 Rg4+ 54. Kf2 h4 55. b5 Kc5 56. b6 h3 57. Ra5+ Kd4 58.
Ra4+ Ke5 59. Rxg4 Kxf6 60. b7 Kf5 61. Rg1 g4 62. b8=Q Kg5 63. Qg8+ Kf4 64.
Qxg4+ Ke5 65. Qe2+ Kd4 66. Rd1+ Kc5 67. Qc2+ Kb5 68. Rb1+ Ka5 69. Qc5+ Ka6 70.
Qb6# 1-0

[Event "Washington Open"]
[Site "Chess.com"]
[Date "2020.05.23"]
[Round "?"]
[White "Han, Shuyi"]
[Black "Wong-Godfrey, Emerson"]
[Result "0-1"]
[WhiteElo "758"]
[BlackElo "1114"]
[PlyCount "78"]
[EventDate "2020.??.??"]

1. e4 e6 2. d4 c5 3. Nf3 d5 4. exd5 exd5 5. Bb5+ Nc6 6. O-O Bg4 7. h3 h5 8. Bf4
Bd6 9. Bxd6 Qxd6 10. dxc5 Qxc5 11. Be2 Bxf3 12. Bxf3 Nf6 13. Nc3 O-O-O 14. a3
g5 15. Be2 a6 16. Na4 Qa7 17. b4 Ne4 18. Bxh5 Ng3 19. Qg4+ f5 20. Qxg3 Rxh5 21.
Qf3 g4 22. hxg4 Rg5 23. Nc5 Nd4 24. Qe3 Rxg4 25. c3 b6 26. cxd4 bxc5 27. bxc5
Qg7 28. Qe6+ Rd7 29. Qxa6+ Kd8 30. Qa8+ Kc7 31. Qa7+ Kc8 32. Qa6+ Kd8 33. Qb6+
Kc8 34. Qc6+ Kd8 35. g3 Rxg3+ 36. Kh2 Rh3+ 37. Kxh3 Qg4+ 38. Kh2 Rh7+ 39. Qh6
Rxh6# 0-1

[Event "Washington Open"]
[Site "Chess.com"]
[Date "2020.05.24"]
[Round "?"]
[White "Han, Shuyi"]
[Black "Devadithya, Hiruna"]
[Result "0-1"]
[WhiteElo "758"]
[BlackElo "1148"]
[PlyCount "152"]
[EventDate "2020.??.??"]

1. e4 c5 2. Nf3 d6 3. d4 cxd4 4. Nxd4 Nf6 5. Nc3 a6 6. Be3 e6 7. f3 Nbd7 8. Qd2
Be7 9. O-O-O O-O 10. g4 h6 11. g5 hxg5 12. Bxg5 Ne5 13. Be2 Ng6 14. h4 Nh7 15.
Bxe7 Qxe7 16. h5 Ne5 17. h6 g6 18. f4 Nd7 19. f5 exf5 20. exf5 Ne5 21. fxg6
Nxg6 22. Rhg1 Kh8 23. Nb3 Rd8 24. Qd4+ Qe5 25. Qxe5+ Nxe5 26. Ne4 d5 27. Ng5
Bf5 28. Nxh7 Bxh7 29. Rg5 Rac8 30. Nd4 f6 31. Rg7 Nc6 32. Nxc6 Rxc6 33. Bd3
Bxd3 34. Rxd3 b5 35. Rdg3 f5 36. R7g6 Rdc8 37. Rxc6 Rxc6 38. Rf3 Rf6 39. Kd2
Kh7 40. Kd3 Kxh6 41. Kd4 Rc6 42. c3 Kg5 43. Kxd5 Rc4 44. Ke5 Re4+ 45. Kd6 Re2
46. Rg3+ Kf4 47. Rg6 Rxb2 48. a3 Rb3 49. c4 bxc4 50. Kc5 Rxa3 51. Kxc4 Kf3 52.
Rh6 Ra4+ 53. Kb3 Rg4 54. Rxa6 f4 55. Ra3 Kg3 56. Kc2+ f3 57. Kd2 Kg2 58. Ra2 f2
59. Ke3 Rg3+ 60. Kf4 Rf3+ 61. Kg4 Rf8 62. Rc2 Kg1 63. Rc1+ f1=Q 64. Rxf1+ Kxf1
65. Kg3 Ke2 66. Kg4 Ke3 67. Kg5 Ke4 68. Kg6 Ke5 69. Kg7 Rf1 70. Kg8 Ke6 71. Kg7
Rf2 72. Kg8 Ke7 73. Kg7 Rg2+ 74. Kh7 Kf6 75. Kh8 Kf7 76. Kh7 Rh2# 0-1

[Event "Washington Open"]
[Site "Chess.com"]
[Date "2020.05.25"]
[Round "?"]
[White "Han, Shuyi"]
[Black "Tran, Nugen"]
[Result "0-1"]
[WhiteElo "758"]
[BlackElo "1047"]
[PlyCount "138"]
[EventDate "2020.??.??"]

1. e4 e5 2. Nf3 Nc6 3. Bc4 Bc5 4. O-O Nf6 5. d3 h6 6. Nc3 d6 7. h3 O-O 8. Bd2
Be6 9. Bxe6 fxe6 10. Na4 Bd4 11. c3 Bb6 12. Nxb6 axb6 13. Be3 Qd7 14. Nh4 Qf7
15. Nf3 Rad8 16. Nh2 Nh5 17. Qf3 Qxf3 18. Nxf3 Nf4 19. Bxf4 exf4 20. d4 e5 21.
d5 Na5 22. b3 b5 23. Nd2 c6 24. dxc6 bxc6 25. c4 bxc4 26. bxc4 c5 27. Nb3 Nxb3
28. axb3 Ra8 29. Rxa8 Rxa8 30. Rd1 Ra6 31. Rb1 Kf7 32. Kf1 Ke7 33. Ke2 Kd7 34.
b4 cxb4 35. Rxb4 Rc6 36. Rb7+ Rc7 37. Rxc7+ Kxc7 38. Kd3 Kc6 39. Kc3 Kc5 40. g3
fxg3 41. fxg3 g6 42. g4 g5 43. Kb3 Kd4 44. Kb4 Kxe4 45. c5 dxc5+ 46. Kxc5 Kf3
47. Kd5 e4 48. Kc4 e3 49. Kc3 e2 50. Kd2 Kf2 51. Kd3 e1=Q 52. Kd4 Qe3+ 53. Kd5
Qf4 54. Kc5 Qe4 55. Kd6 Qg6+ 56. Ke5 Qf7 57. Kd6 Qe8 58. Kd5 Qe7 59. Kd4 Qe6
60. Kd3 Qe5 61. Kd2 Qe3+ 62. Kc2 Qd4 63. Kb3 Qc5 64. Ka4 Qb6 65. Ka3 Ke2 66.
Ka4 Kd3 67. Ka3 Qb5 68. Ka2 Kc3 69. Ka1 Qb2# 0-1

[Event "Washington Open"]
[Site "Chess.com"]
[Date "2020.05.23"]
[Round "?"]
[White "Borate, Neel"]
[Black "O'Brien, Hansol"]
[Result "0-1"]
[WhiteElo "731"]
[BlackElo "1229"]
[PlyCount "90"]
[EventDate "2020.??.??"]

1. e4 e5 2. Nf3 Nc6 3. Bc4 Bc5 4. d3 Nf6 5. Nc3 d6 6. Bg5 h6 7. Be3 Bb6 8. Qd2
Nh7 9. O-O-O Qf6 10. Nd5 Qd8 11. Bb5 a6 12. Nxb6 cxb6 13. Bc4 Be6 14. Bxe6 fxe6
15. Ne1 Rc8 16. c3 Nf6 17. h3 b5 18. Kb1 Ra8 19. Nc2 a5 20. f4 b4 21. Rhf1 bxc3
22. Qxc3 Rc8 23. Qd2 b5 24. b4 Ra8 25. a3 Qc8 26. bxa5 Nxa5 27. Nb4 Qb7 28.
fxe5 dxe5 29. Qb2 Nxe4 30. Qxe5 Nf6 31. Qxe6+ Qe7 32. Qxe7+ Kxe7 33. Bc5+ Kf7
34. Kb2 Kg6 35. d4 Nc4+ 36. Kc3 Ne3 37. Rfe1 Nxd1+ 38. Rxd1 Ne4+ 39. Kb2 Rhe8
40. Rc1 Nd2 41. d5 Nc4+ 42. Ka1 Rxa3+ 43. Kb1 Rea8 44. Nc2 Ra2 45. Bd4 Nd2# 0-1

[Event "Washington Open"]
[Site "Chess.com"]
[Date "2020.05.23"]
[Round "?"]
[White "Ma, Lucas"]
[Black "Borate, Neel"]
[Result "0-1"]
[WhiteElo "1089"]
[BlackElo "731"]
[PlyCount "80"]
[EventDate "2020.??.??"]

1. e4 e5 2. Nf3 Nc6 3. Bc4 Bc5 4. c3 Nf6 5. d4 exd4 6. cxd4 Bb4+ 7. Nc3 Nxe4 8.
O-O Nxc3 9. bxc3 d5 10. cxb4 dxc4 11. Ba3 Ne7 12. Re1 O-O 13. b5 Re8 14. Qe2 b6
15. Bxe7 Qd7 16. a4 Bb7 17. Rac1 Rac8 18. Rxc4 Bxf3 19. gxf3 f6 20. Qe3 Kf7 21.
Rcc1 Rxe7 22. Qb3+ Kf8 23. Qc3 Rce8 24. Qb4 Kf7 25. Qc4+ Kf8 26. Qb4 Kf7 27.
Rxe7+ Rxe7 28. Qd2 Qd5 29. Kg2 g5 30. h3 h5 31. Qd3 Kg7 32. Kg1 g4 33. fxg4 Qg5
34. Qd1 f5 35. f3 Qe3+ 36. Kg2 h4 37. d5 Qf4 38. Qh1 Qd2+ 39. Kg1 Qxc1+ 40. Kg2
Re2# 0-1

[Event "Washington Open"]
[Site "Chess.com"]
[Date "2020.05.24"]
[Round "?"]
[White "Borate, Neel"]
[Black "Staab, Doug"]
[Result "0-1"]
[WhiteElo "731"]
[BlackElo "1161"]
[PlyCount "142"]
[EventDate "2020.??.??"]

1. e4 d5 2. exd5 Qxd5 3. Nc3 Qa5 4. Nf3 Nc6 5. d4 Bg4 6. Be2 O-O-O 7. Be3 e6 8.
O-O h5 9. h4 Be7 10. Qd2 Bxf3 11. Bxf3 Ne5 12. Qe2 Ng4 13. Qb5 Qxb5 14. Nxb5 a6
15. Nc3 Bxh4 16. a4 N8f6 17. Bc1 Nd5 18. Nxd5 exd5 19. g3 Bf6 20. c3 c6 21. Bd2
Be7 22. b4 f6 23. a5 Bd6 24. Rfe1 Rhe8 25. Bxg4+ hxg4 26. Bf4 Bxf4 27. gxf4 Re4
28. Rxe4 dxe4 29. f5 Rd5 30. Re1 Rxf5 31. Rxe4 g3 32. fxg3 Rf3 33. Rg4 g5 34.
c4 Kd7 35. d5 cxd5 36. Kg2 Rc3 37. Rd4 Rxc4 38. Rxd5+ Ke6 39. Rd2 Rxb4 40. Re2+
Kf5 41. Rf2+ Kg6 42. Ra2 f5 43. Kh3 Kh5 44. Rf2 g4+ 45. Kg2 Kg5 46. Rf1 Ra4 47.
Rb1 Rxa5 48. Rxb7 Ra2+ 49. Kg1 a5 50. Rg7+ Kf6 51. Ra7 a4 52. Ra6+ Ke5 53. Ra5+
Ke4 54. Ra6 a3 55. Re6+ Kf3 56. Rf6 Kxg3 57. Rxf5 Ra1+ 58. Rf1 Rxf1+ 59. Kxf1
a2 60. Ke2 a1=Q 61. Ke3 Qe1+ 62. Kd4 Kf4 63. Kd5 g3 64. Kd4 Qd1+ 65. Kc5 Ke4
66. Kc6 Ke5 67. Kc5 Qc1+ 68. Kb6 Kd5 69. Kb5 Qb1+ 70. Ka6 Kc6 71. Ka7 Qb7# 0-1

[Event "Washington Open"]
[Site "Chess.com"]
[Date "2020.05.24"]
[Round "?"]
[White "Nallabothula, Vineesh"]
[Black "Borate, Neel"]
[Result "1/2-1/2"]
[WhiteElo "1025"]
[BlackElo "731"]
[PlyCount "63"]
[EventDate "2020.??.??"]

1. e4 e5 2. Nf3 Nc6 3. Bb5 Bc5 4. O-O Nf6 5. Bxc6 bxc6 6. Nxe5 O-O 7. d3 Re8 8.
Nf3 d6 9. Nc3 Bd7 10. Bg5 h6 11. Bh4 Qc8 12. Bxf6 gxf6 13. Na4 Bb6 14. Nxb6
cxb6 15. Qd2 Kh7 16. Qf4 Rg8 17. g3 Bh3 18. Rfe1 Qd7 19. Qxf6 Rg6 20. Qf4 Rag8
21. Nh4 Rg4 22. Qf6 Qe6 23. Qxe6 fxe6 24. Ng2 h5 25. e5 d5 26. Kh1 d4 27. Nf4
Rxf4 28. gxf4 Bg2+ 29. Kg1 Bh3+ 30. Kh1 Bg2+ 31. Kg1 Bh3+ 32. Kh1 1/2-1/2

[Event "Washington Open"]
[Site "Chess.com"]
[Date "2020.05.25"]
[Round "?"]
[White "Bablani, Arnav"]
[Black "Borate, Neel"]
[Result "0-1"]
[WhiteElo "909"]
[BlackElo "731"]
[PlyCount "70"]
[EventDate "2020.??.??"]

1. e4 e5 2. Nf3 Nc6 3. Bb5 Bc5 4. Nxe5 Nxe5 5. d4 Bd6 6. dxe5 Bxe5 7. Be3 Bxb2
8. Bd4 Bxa1 9. Bxa1 Ne7 10. Bxg7 Rg8 11. Bf6 Rxg2 12. c3 c6 13. Bc4 d5 14. exd5
cxd5 15. Bb5+ Bd7 16. Bxd7+ Qxd7 17. Kf1 Rg6 18. Bxe7 Qb5+ 19. Ke1 Re6+ 20. Kd2
Rxe7 21. Re1 Qc5 22. Rxe7+ Qxe7 23. Qa4+ Qd7 24. Qd4 Qe7 25. Qh8+ Qf8 26. Qe5+
Kd7 27. Qf5+ Kc6 28. Qf6+ Qd6 29. Qd4 Qh6+ 30. Kc2 b5 31. c4 bxc4 32. Nc3 Qg6+
33. Kb2 Rb8+ 34. Ka3 Qd6+ 35. Ka4 Qb4# 0-1

[Event "Washington Open"]
[Site "Chess.com"]
[Date "2020.05.25"]
[Round "?"]
[White "Borate, Neel"]
[Black "Shen, Lixing"]
[Result "0-1"]
[WhiteElo "731"]
[BlackElo "1083"]
[PlyCount "80"]
[EventDate "2020.??.??"]

1. e4 e5 2. Nf3 d5 3. d3 dxe4 4. dxe4 Qxd1+ 5. Kxd1 Bg4 6. c3 Nc6 7. Be3 Nf6 8.
Nbd2 O-O-O 9. Kc2 Bxf3 10. gxf3 Kb8 11. Bd3 Nh5 12. a4 Nf4 13. Bxf4 exf4 14. a5
a6 15. Rhb1 Ne5 16. Be2 c6 17. b4 g5 18. b5 cxb5 19. Bxb5 axb5 20. Rxb5 Nc6 21.
a6 Rd7 22. Nc4 Na7 23. Rb3 Bc5 24. Ne5 Re7 25. Nc4 Rd8 26. Rab1 Rdd7 27. Na5 b6
28. Nc4 Re6 29. Nxb6 Rxb6 30. Rxb6+ Bxb6 31. Rxb6+ Kc8 32. Kb3 Rc7 33. Kb4 Rc6
34. c4 Rxb6+ 35. Ka5 Rb1 36. c5 Kc7 37. Ka4 Kc6 38. Ka5 Kxc5 39. Ka4 f6 40. Ka5
Ra1# 0-1

[Event "Washington Open"]
[Site "Chess.com"]
[Date "2020.05.23"]
[Round "?"]
[White "Tatikonda, Nihanth"]
[Black "Merriman, Dann"]
[Result "1-0"]
[WhiteElo "1226"]
[BlackElo "727"]
[PlyCount "79"]
[EventDate "2020.??.??"]

1. d4 d5 2. c4 e6 3. Nc3 c6 4. Nf3 Nf6 5. Bg5 Be7 6. e3 Nbd7 7. Bd3 O-O 8. O-O
b6 9. Qe2 Bb7 10. cxd5 Nxd5 11. Bxe7 Qxe7 12. Nxd5 exd5 13. Rac1 Rac8 14. Rc3
Nf6 15. Rfc1 Rfe8 16. Ne5 c5 17. Qc2 h6 18. Nf3 c4 19. Bf5 Rc7 20. Qe2 Ne4 21.
Bxe4 Qxe4 22. Qc2 Qe7 23. b3 Ba6 24. Nd2 Rec8 25. Qb2 Qb4 26. R1c2 Bb7 27. bxc4
Qxb2 28. Rxb2 dxc4 29. Rb4 Bd5 30. e4 Bb7 31. d5 Rd7 32. Rbxc4 Rxc4 33. Rxc4
Ba6 34. Rc3 Kh7 35. f3 Kg6 36. Kf2 Kf6 37. Ke3 g5 38. g4 Ke5 39. Rc6 f6 40.
Re6# 1-0

[Event "Washington Open"]
[Site "Chess.com"]
[Date "2020.05.23"]
[Round "?"]
[White "Merriman, Dann"]
[Black "Shen, Lixing"]
[Result "1/2-1/2"]
[WhiteElo "727"]
[BlackElo "1083"]
[PlyCount "119"]
[EventDate "2020.??.??"]

1. e4 e5 2. Nf3 d5 3. exd5 e4 4. Ng1 Nf6 5. Be2 Bc5 6. Nc3 O-O 7. d3 Bb4 8. Bd2
Bxc3 9. Bxc3 c6 10. dxc6 Nxc6 11. Qd2 exd3 12. Bxd3 Nd5 13. Ne2 Nxc3 14. Nxc3
Re8+ 15. Ne2 Bg4 16. O-O-O Bxe2 17. Bxe2 Qb6 18. Bd3 Rad8 19. Rhe1 Rxe1 20.
Rxe1 g6 21. Rd1 Nb4 22. a3 Nxd3+ 23. cxd3 Qc6+ 24. Kb1 Qxg2 25. Qa5 Ra8 26. Qb5
b6 27. Qd7 Qxh2 28. Qb7 Qb8 29. Qh1 Qd8 30. Rg1 Qxd3+ 31. Ka1 Qd8 32. Rd1 Qf8
33. Rd7 a5 34. Qb7 Rb8 35. Qc7 Qc8 36. Rxf7 Qxc7 37. Rxc7 Rf8 38. Rb7 Rf6 39.
Rb8+ Kg7 40. Rb7+ Kh6 41. Ka2 a4 42. Kb1 Rc6 43. Ka2 g5 44. b4 g4 45. Ra7 b5
46. Ra5 Rb6 47. Kb2 Kg5 48. Kc3 Kf4 49. Kd2 Kf3 50. Ke1 h5 51. Kf1 h4 52. Kg1
h3 53. Ra8 Rf6 54. Rb8 Rf5 55. Re8 Kf4 56. Kh2 Rf7 57. Rb8 Rf5 58. Re8 Kf3 59.
Kg1 Kf4 60. Kh2 1/2-1/2

[Event "Washington Open"]
[Site "Chess.com"]
[Date "2020.05.24"]
[Round "?"]
[White "Nallabothula, Vineesh"]
[Black "Merriman, Dann"]
[Result "1/2-1/2"]
[WhiteElo "1025"]
[BlackElo "727"]
[PlyCount "76"]
[EventDate "2020.??.??"]

1. e4 e5 2. Nf3 Nc6 3. Bb5 Nf6 4. O-O Bc5 5. d3 h6 6. Bxc6 dxc6 7. Nxe5 O-O 8.
Nc3 Be6 9. Nf3 Qd7 10. Re1 Rfe8 11. e5 Nh7 12. d4 Be7 13. Be3 Rad8 14. a3 b6
15. Qd2 Bg4 16. Rad1 Bg5 17. Ne4 Bxe3 18. Qxe3 Bxf3 19. Qxf3 Rf8 20. Qg3 Qe7
21. c3 f6 22. exf6 Nxf6 23. Nxf6+ Qxf6 24. f3 Qf7 25. Re2 Rde8 26. Rxe8 Rxe8
27. Re1 Rxe1+ 28. Qxe1 Qb3 29. Qe8+ Kh7 30. Qe4+ Kg8 31. Qe8+ Kh7 32. Qxc6 Qxb2
33. Qe4+ Kg8 34. Qe8+ Kh7 35. Qe4+ Kg8 36. Qd5+ Kh7 37. Qf5+ Kg8 38. Qe6+ Kh7
1/2-1/2

[Event "Washington Open"]
[Site "Chess.com"]
[Date "2020.05.24"]
[Round "?"]
[White "Merriman, Dann"]
[Black "Tran, Nugen"]
[Result "0-1"]
[WhiteElo "727"]
[BlackElo "1047"]
[PlyCount "134"]
[EventDate "2020.??.??"]

1. e4 e5 2. Nf3 Nc6 3. Bc4 Bc5 4. c3 Nf6 5. d4 exd4 6. e5 Ng8 7. cxd4 Bb4+ 8.
Bd2 Bxd2+ 9. Qxd2 d5 10. exd6 Qxd6 11. Nc3 Nf6 12. O-O O-O 13. Rad1 Bg4 14. Qd3
Rad8 15. Rfe1 Bxf3 16. Qxf3 b6 17. Rd3 Na5 18. Ba6 Rfe8 19. Red1 Nd5 20. h3 Nb4
21. R3d2 Nxa6 22. Nb5 Qd5 23. Qxd5 Rxd5 24. Nc3 Rd6 25. Nb5 Rd5 26. Nc3 Rd7 27.
Nb5 Red8 28. Nc3 h6 29. Nb5 c5 30. b3 cxd4 31. Nxd4 Nc6 32. Nf3 Rxd2 33. Nxd2
Nc5 34. Kh2 Ne4 35. Nxe4 Rxd1 36. Ng3 Ra1 37. Ne4 Rxa2 38. Kg3 Rb2 39. Kf4 Rxb3
40. Kf5 Rb4 41. Kg4 Rxe4+ 42. Kf3 Rh4 43. Kg3 b5 44. Kf3 b4 45. Kg3 b3 46. Kxh4
b2 47. Kg3 b1=R 48. Kf3 a6 49. Ke2 a5 50. Kd2 Rb7 51. Kc2 Nd4+ 52. Kc3 a4 53.
Kc4 a3 54. Kxd4 a2 55. Kc5 a1=R 56. Kc6 Rb2 57. Kc5 Rc1+ 58. Kd4 Rd2+ 59. Ke3
Rd7 60. Kf3 Kf8 61. Kg3 Ke7 62. Kf3 Kf6 63. Kg3 Rc2 64. Kf3 Rd3+ 65. Kf4 Re2
66. Kg4 Re4+ 67. Kh5 Rd5# 0-1

[Event "Washington Open"]
[Site "Chess.com"]
[Date "2020.05.25"]
[Round "?"]
[White "Merriman, Dann"]
[Black "Wong-Godfrey, Emerson"]
[Result "1-0"]
[WhiteElo "727"]
[BlackElo "1114"]
[PlyCount "87"]
[EventDate "2020.??.??"]

1. e4 e6 2. Nc3 c5 3. Nf3 a6 4. d4 d5 5. Bd3 Nc6 6. dxc5 d4 7. Ne2 e5 8. Bc4 h6
9. c3 Bxc5 10. cxd4 Nxd4 11. Nxe5 Be6 12. Nxd4 Bxc4 13. Nxc4 Qxd4 14. Qxd4 Bxd4
15. Nd6+ Ke7 16. Nf5+ Kf6 17. Nxd4 Rd8 18. Be3 Ne7 19. O-O-O Rc8+ 20. Kb1 Nc6
21. Nxc6 Rxc6 22. Rc1 Rhc8 23. Rxc6+ Rxc6 24. Rc1 Re6 25. f3 g5 26. Rc5 Kg6 27.
Rc4 Rd6 28. Rb4 b5 29. Rd4 Rc6 30. e5 Kf5 31. Rd6 Rc8 32. Rxa6 h5 33. Rb6 Kxe5
34. Rxb5+ Kf6 35. Bxg5+ Kg6 36. h4 Re8 37. Rd5 Re1+ 38. Kc2 Rg1 39. Rd2 f6 40.
Bf4 Kf5 41. Bd6 Ra1 42. Rd1 Rxa2 43. Ba3 Kf4 44. Kb1 1-0

[Event "Washington Open"]
[Site "Chess.com"]
[Date "2020.05.23"]
[Round "?"]
[White "Hack, Don"]
[Black "Tang, Ryan"]
[Result "1-0"]
[WhiteElo "1204"]
[BlackElo "693"]
[PlyCount "77"]
[EventDate "2020.??.??"]

1. d4 d5 2. c4 c6 3. Nf3 Nf6 4. e3 Bf5 5. Nc3 e6 6. Nh4 Bb4 7. Nxf5 exf5 8. a3
Ba5 9. b4 Bc7 10. Be2 dxc4 11. Bxc4 O-O 12. O-O Qd6 13. f4 Ne4 14. Bb2 Nxc3 15.
Bxc3 Qh6 16. Bd3 Qf6 17. Rc1 Na6 18. Qf3 Rfe8 19. d5 Qd6 20. Be5 Qe7 21. dxc6
Bxe5 22. fxe5 Qxe5 23. cxb7 Rab8 24. Bxa6 Qxe3+ 25. Qxe3 Rxe3 26. Rc8+ Re8 27.
Rxe8+ Rxe8 28. Rc1 Kf8 29. Rc8 Rxc8 30. bxc8=Q+ Ke7 31. Qxf5 f6 32. Bc4 Kf8 33.
Qxh7 Ke7 34. Qxg7+ Kd6 35. Qxf6+ Kc7 36. Bd5 Kd7 37. Qe6+ Kc7 38. Qc6+ Kb8 39.
Qb7# 1-0

[Event "Washington Open"]
[Site "Chess.com"]
[Date "2020.05.23"]
[Round "?"]
[White "Tang, Ryan"]
[Black "Tran, Nugen"]
[Result "0-1"]
[WhiteElo "693"]
[BlackElo "1047"]
[PlyCount "82"]
[EventDate "2020.??.??"]

1. e4 e5 2. Nf3 Nc6 3. Nc3 Nf6 4. Bc4 Bc5 5. d3 h6 6. Be3 Bxe3 7. fxe3 d6 8.
O-O O-O 9. Qe2 Bg4 10. h3 Bh5 11. Qf2 a6 12. Rad1 Na5 13. Rd2 Nxc4 14. dxc4 Bg6
15. Nd5 Nxe4 16. Qe2 Nxd2 17. Qxd2 Be4 18. c3 Bxd5 19. cxd5 Re8 20. e4 Qd7 21.
b4 b5 22. Ne1 a5 23. Nd3 axb4 24. cxb4 Ra7 25. Rc1 Rea8 26. Rc2 Ra6 27. Kf1 c6
28. dxc6 Rxc6 29. Rxc6 Qxc6 30. Qe2 Qc4 31. Nb2 Qxe2+ 32. Kxe2 Rxa2 33. Kf3
Rxb2 34. Ke3 Rxb4 35. Kd3 Rd4+ 36. Ke3 b4 37. g3 b3 38. Kf3 b2 39. Kg4 b1=Q 40.
Kf5 Rxe4 41. h4 Rf4# 0-1